The dawn of conscience / (Record no. 50251)
[ view plain ]
| 000 -LEADER | |
|---|---|
| fixed length control field | 00828cam a2200301I 4500 |
| 001 - CONTROL NUMBER | |
| control field | 1979478 |
| 003 - CONTROL NUMBER IDENTIFIER | |
| control field | SIRSI |
| 005 - DATE AND TIME OF LATEST TRANSACTION | |
| control field | 20210914115253.0 |
| 008 - FIXED-LENGTH DATA ELEMENTS--GENERAL INFORMATION | |
| fixed length control field | 760209s1934 nyuf 000 0 eng |
| 010 ## - LIBRARY OF CONGRESS CONTROL NUMBER | |
| LC control number | 34007122 |
| 035 ## - SYSTEM CONTROL NUMBER | |
| System control number | (Sirsi) o01979478 |
| 035 ## - SYSTEM CONTROL NUMBER | |
| System control number | (Sirsi) 01-AAF-8590 |
| 036 ## - ORIGINAL STUDY NUMBER FOR COMPUTER DATA FILES | |
| Original study number | u58381 |
| 040 ## - CATALOGING SOURCE | |
| Original cataloging agency | DLC |
| Transcribing agency | FNP |
| Modifying agency | m.c. |
| -- | TSW |
| 049 ## - LOCAL HOLDINGS (OCLC) | |
| Holding library | TSWB |
| Copy statement | 1, 2 |
| 100 1# - MAIN ENTRY--PERSONAL NAME | |
| Personal name | Breasted, James Henry, |
| Dates associated with a name | 1865-1935. |
| 245 14 - TITLE STATEMENT | |
| Title | The dawn of conscience / |
| Statement of responsibility, etc | by James Henry Breasted. |
| 260 ## - PUBLICATION, DISTRIBUTION, ETC. (IMPRINT) | |
| Place of publication, distribution, etc | New York ; |
| -- | London : |
| Name of publisher, distributor, etc | C. Scribner's sons, |
| Date of publication, distribution, etc | 1933. |
| 300 ## - PHYSICAL DESCRIPTION | |
| Extent | xxvi, [2], 431 p. : |
| Other physical details | plates. ; |
| Dimensions | 21 cm. |
| 336 ## - CONTENT TYPE | |
| Content Type Term | text |
| 337 ## - MEDIA TYPE | |
| Media Type Term | unmediated |
| 338 ## - CARRIER TYPE | |
| Carrier Type Term | volume |
| 650 #0 - SUBJECT ADDED ENTRY--TOPICAL TERM | |
| Topical term or geographic name as entry element | Ethics, Egyptian. |
| 650 #0 - SUBJECT ADDED ENTRY--TOPICAL TERM | |
| Topical term or geographic name as entry element | Jewish ethics. |
| 651 #0 - SUBJECT ADDED ENTRY--GEOGRAPHIC NAME | |
| Geographic name | Egypt |
| General subdivision | Religion. |
| 651 #0 - SUBJECT ADDED ENTRY--GEOGRAPHIC NAME | |
| Geographic name | Egypt |
| General subdivision | Civilization. |
| 942 ## - ADDED ENTRY ELEMENTS (KOHA) | |
| Source of classification or shelving scheme | Library of Congress Classification |
| Item type | Books |
| Withdrawn status | Lost status | Source of classification or shelving scheme | Damaged status | Not for loan | Home library | Current library | Shelving location | Date acquired | Source of acquisition | Inventory number | Total Checkouts | Full call number | Barcode | Date last seen | Price effective from | Koha item type |
|---|---|---|---|---|---|---|---|---|---|---|---|---|---|---|---|---|
| Library of Congress Classification | BSOP Library | BSOP Library | David Weisberg Collection | 09/14/2021 | Donated by Dr. David and Oprah Weisberg | 46871 | BJ132 B74 1933 | 00061029 | 09/14/2021 | 09/14/2021 | Books |
